The structure of scientific revolutions (Record no. 34099)
[ view plain ]
| 000 -LEADER | |
|---|---|
| fixed length control field | 00454nam a2200193Ia 4500 |
| 003 - CONTROL NUMBER IDENTIFIER | |
| control field | 0100 |
| 008 - FIXED-LENGTH DATA ELEMENTS--GENERAL INFORMATION | |
| fixed length control field | 130303s9999 xx 000 0 und d |
| 040 ## - CATALOGING SOURCE | |
| Transcribing agency | ARRUPELIB |
| 050 ## - LIBRARY OF CONGRESS CALL NUMBER | |
| Classification number | Q175.K95 1970 |
| 300 ## - PHYSICAL DESCRIPTION | |
| Other physical details | 23cm. |
| 100 ## - MAIN ENTRY--PERSONAL NAME | |
| Personal name | Kuhn, Thomas S |
| 245 #4 - TITLE STATEMENT | |
| Title | The structure of scientific revolutions |
| 250 ## - EDITION STATEMENT | |
| Edition statement | 2nd, enlarged |
| 260 ## - PUBLICATION, DISTRIBUTION, ETC. (IMPRINT) | |
| Place of publication, distribution, etc | Chicago |
| 260 ## - PUBLICATION, DISTRIBUTION, ETC. (IMPRINT) | |
| Name of publisher, distributor, etc | University of Chicago Press |
| 260 ## - PUBLICATION, DISTRIBUTION, ETC. (IMPRINT) | |
| -- | 1970 |
| 300 ## - PHYSICAL DESCRIPTION | |
| Extent | 210p. |
| 942 00 - ADDED ENTRY ELEMENTS (KOHA) | |
| Koha issues (borrowed), all copies | 19 |
| Withdrawn status | Lost status | Source of classification or shelving scheme | Damaged status | Not for loan | Collection code | Home library | Current library | Shelving location | Date acquired | Total Checkouts | Full call number | Barcode | Date last seen | Date checked out | Copy number | Price effective from | Koha item type |
|---|---|---|---|---|---|---|---|---|---|---|---|---|---|---|---|---|---|
| Library of Congress Classification | Main Collection | ARRUPE LIBRARY | ARRUPE LIBRARY | 04/03/2013 | 9 | Q175.K95 1970 | 46003069111 | 03/07/2019 | 21/09/2018 | 1 | 04/03/2013 | Monograph ( Printed materials) | |||||
| Library of Congress Classification | Main Collection | ARRUPE LIBRARY | ARRUPE LIBRARY | 04/03/2013 | 7 | Q175.K95 1970 | 46003069069 | 03/07/2019 | 29/10/2018 | 2 | 04/03/2013 | Monograph ( Printed materials) | |||||
| Library of Congress Classification | Main Collection | ARRUPE LIBRARY | ARRUPE LIBRARY | 04/03/2013 | 2 | Q175.K95 1970 | 46003069076 | 24/02/2026 | 17/09/2025 | 3 | 04/03/2013 | Monograph ( Printed materials) | |||||
| Library of Congress Classification | Main Collection | ARRUPE LIBRARY | ARRUPE LIBRARY | 04/03/2013 | 13 | Q175.K95 1970 | 46003069075 | 03/07/2019 | 23/10/2018 | 4 | 04/03/2013 | Monograph ( Printed materials) | |||||
| Library of Congress Classification | Main Collection | ARRUPE LIBRARY | ARRUPE LIBRARY | 04/03/2013 | 13 | Q175.K95 1970 | 46003091686 | 25/04/2025 | 03/04/2025 | 5 | 04/03/2013 | Monograph ( Printed materials) | |||||
| Library of Congress Classification | Main Collection | ARRUPE LIBRARY | ARRUPE LIBRARY | 04/03/2013 | 19 | Q175.K95 1970 | 46004002900 | 03/07/2019 | 08/11/2018 | 6 | 04/03/2013 | Monograph ( Printed materials) | |||||
| Library of Congress Classification | Main Collection | ARRUPE LIBRARY | ARRUPE LIBRARY | 04/03/2013 | 14 | Q175.K95 1970 | 46401885 | 03/07/2019 | 12/11/2018 | 7 | 04/03/2013 | Monograph ( Printed materials) |